Test de Dactylographie : les 200 mots les plus courants en Français - Statistiques

Statistiques générales
  • Ce quiz a été pris 3 101 fois
    3 100 depuis la dernière actualisation
  • Le résultat moyen est 29 sur 60
Statistiques - réponses
Mots Réponse % Correct
voix voix
58%
seul seul
57%
âme âme
56%
vers vers
56%
aussi aussi
55%
aussi aussi
55%
chez chez
55%
fille fille
55%
je je
55%
alors alors
54%
ce ce
54%
leur leur
54%
pas pas
54%
trois trois
54%
air air
53%
avec avec
53%
et et
53%
je je
53%
main main
53%
moment moment
53%
moment moment
53%
non non
53%
ou ou
53%
très très
53%
ami ami
52%
celui celui
52%
de de
52%
dieu dieu
52%
mari mari
52%
me me
52%
pays pays
52%
plus plus
52%
si si
52%
temps temps
52%
terre terre
52%
aller aller
51%
an an
51%
beau beau
51%
chambre chambre
51%
comme comme
51%
côté côté
51%
de de
51%
devenir devenir
51%
dire dire
51%
dont dont
51%
faire faire
51%
homme homme
51%
maison maison
51%
nuit nuit
51%
penser penser
51%
quand quand
51%
que que
51%
te te
51%
vivre vivre
51%
vous vous
51%
à à
50%
bien bien
50%
bon bon
50%
depuis depuis
50%
deux deux
50%
devant devant
50%
gens gens
50%
ou ou
50%
parce que parce que
50%
pas pas
50%
penser penser
50%
pied pied
50%
pour pour
50%
pouvoir pouvoir
50%
rien rien
50%
trouver trouver
50%
votre votre
50%
y y
50%
yeux yeux
50%
alors alors
49%
après après
49%
attendre attendre
49%
avoir avoir
49%
celui celui
49%
chose chose
49%
comprend comprend
49%
dieu dieu
49%
du du
49%
mille mille
49%
noir noir
49%
pas pas
49%
porte porte
49%
porte porte
49%
quand quand
49%
savoir savoir
49%
seul seul
49%
tête tête
49%
très très
49%
depuis depuis
48%
eau eau
48%
entendre entendre
48%
ici ici
48%
jusque jusque
48%
maison maison
48%
moins moins
48%
passer passer
48%
père père
48%
plus plus
48%
quand quand
48%
qui qui
48%
répondre répondre
48%
reprendre reprendre
48%
rester rester
48%
rue rue
48%
seul seul
48%
toi toi
48%
trouver trouver
48%
tu tu
48%
vers vers
48%
vie vie
48%
ville ville
48%
vingt vingt
48%
aimer aimer
47%
avec avec
47%
devant devant
47%
donc donc
47%
donc donc
47%
eau eau
47%
femme femme
47%
leur leur
47%
nom nom
47%
nouveau nouveau
47%
oui oui
47%
peu peu
47%
rue rue
47%
sous sous
47%
un un
47%
attendre attendre
46%
chaque chaque
46%
chercher chercher
46%
chercher chercher
46%
demander demander
46%
demander demander
46%
falloir falloir
46%
frère frère
46%
46%
mais mais
46%
monsieur monsieur
46%
parler parler
46%
pendant pendant
46%
quatre quatre
46%
soir soir
46%
son son
46%
sortir sortir
46%
sur sur
46%
vivre vivre
46%
voiture voiture
46%
vous vous
46%
ainsi ainsi
45%
croire croire
45%
être être
45%
faire faire
45%
gens gens
45%
lequel lequel
45%
me me
45%
monde monde
45%
mort mort
45%
ni ni
45%
non non
45%
petit petit
45%
prendre prendre
45%
sans sans
45%
toujours toujours
45%
vivre vivre
45%
yeux yeux
45%
aimer aimer
44%
ça ça
44%
celle celle
44%
connaître connaître
44%
donner donner
44%
du du
44%
fille fille
44%
il il
44%
jeune jeune
44%
moi moi
44%
nous nous
44%
rester rester
44%
arriver arriver
43%
devant devant
43%
donc donc
43%
encore encore
43%
maison maison
43%
quatre quatre
43%
après après
42%
croire croire
42%
devoir devoir
42%
mon mon
42%
vouloir vouloir
42%
jamais jamais
41%
moment moment
41%
peu peu
41%
regarder regarder
41%
tant tant
41%
terre terre
40%
ton ton
40%
Aucun quiz correspondant
Distribution des résultats
% des personnes avec chaque résultat
Percentile par nombre de réponses
Votre historique - résultats
Vous n’avez pas pris ce quiz depuis la dernière actualisation